[Event "5th Amplico AIG Life"]
[Site "Warsaw POL"]
[Date "2005.12.17"]
[Round "3"]
[White "Movsesian,S"]
[Black "Pakleza,Z"]
[Result "1-0"]
[WhiteElo "2635"]
[BlackElo "2419"]

1.e4 d6 2.d4 Nf6 3.Nc3 e5 4.Nf3 exd4 5.Nxd4 Be7 6.g3 d5 7.e5 Ng4 8.e6 Nf6
9.exf7+ Kxf7 10.Bg2 Re8 11.O-O c5 12.Nf3 Kg8 13.Ne2 Nc6 14.Bg5 h6 15.Bxf6 Bxf6
16.c3 Be6 17.Qd2 Bf7 18.Rad1 Qa5 19.Nf4 Rad8 20.a3 Qb6 21.Qc2 d4 22.c4 Na5
23.Nd2 Qa6 24.Nd5 Be5 25.Rfe1 b5 26.b3 bxc4 27.bxc4 Nb7 28.f4 Bd6 29.Qd3 Bf8
30.Rxe8 Rxe8 31.Nc7 Qa4 32.Qf1 Rc8 33.Nd5 Nd6 34.f5 Re8 35.f6 g6 36.Rc1 Qxa3
37.Nf3 Qb3 38.Nh4 a5 39.Qf4 Nxc4 40.Nxg6 Bxg6 41.f7+ Bxf7 42.Rf1 Nd6 43.Nf6+ Kg7
44.Nxe8+ Nxe8 45.Qe5+ Kg8 46.Rxf7 Qe3+ 47.Qxe3 dxe3 48.Bd5 Bg7 49.Kf1 Bd4
50.Re7+ Kf8 51.Rf7+ Kg8 52.Ke2 a4 53.g4 a3 54.h4 c4 55.Ra7+ Kf8 56.Rxa3 Nd6
57.Ra4 Bf6 58.Bxc4 Bxh4 59.Kxe3 Bg5+ 60.Kd4 Ke7 61.Ke5 Kd7  1-0

[Event "5th Amplico AIG Life"]
[Site "Warsaw POL"]
[Date "2005.12.17"]
[Round "5"]
[White "Warakomski,T"]
[Black "Mazek,M"]
[Result "1/2-1/2"]
[WhiteElo "2396"]
[BlackElo "2082"]

1.e4 d6 2.d4 Nf6 3.Nc3 c6 4.f4 Qa5 5.Bd3 Bg4 6.Nf3 e5 7.dxe5 dxe5 8.fxe5 Nfd7
9.Bf4 Bxf3 10.Qxf3 Nxe5 11.Bxe5 Qxe5 12.Rf1 f6 13.O-O-O Nd7 14.Qh3 O-O-O
15.Bc4 Bd6 16.Kb1 Qxh2 17.Qe6 Kc7 18.Qf7 Qe5 19.Qxg7 Qe7 20.Qh6 Ne5 21.Bb3 Ng4
22.Qh3 h5 23.Rd3 Be5 24.Ne2 Qh7 25.Nf4 Bxf4 26.Rxf4 Rxd3 27.cxd3 Qd7 28.Rf5 Qd4
29.Qg3+ Ne5 30.Rxf6 Qxd3+ 31.Qxd3 Nxd3 32.Rf7+ Kb6 33.Rf3 Ne1 34.Rf2 Nd3
35.Rd2 Ne5 36.Rf2 Nd3 37.Rf5 h4 38.Rg5 Re8 39.Bc2 Ne1 40.e5 Nxc2 41.Kxc2 Kc5
42.Rh5 Rg8 43.Rxh4 Rxg2+ 44.Kc3 Rg3+ 45.Kd2 Rg2+ 46.Kc3 Rg3+ 47.Kc2 Rg2+
48.Kb3 Rg3+ 49.Ka4 Re3 50.Rh5 Kd5 51.Rh7 b5+ 52.Kb4 Rxe5 53.Rd7+ Ke6 54.Rxa7 Kd6
55.b3 Re4+ 56.Ka5 Kc5 57.Rh7 Re8 58.Rh5+ Kd4 59.Kb6 Kc3 60.Kxc6 b4 61.Rh4 Rb8
62.Kc5 Rc8+ 63.Kb6 Rb8+ 64.Kc7 Rb5 65.Kc6 Rb8 66.Kc5 Rc8+ 67.Kb6 Rb8+ 68.Kc7 Rb5
69.Kc6 Rb8 70.Rc4+ Kb2 71.Kc5 Ka3 72.Rh4 Rc8+ 73.Kb6 Rb8+ 74.Ka7 Rb5 75.Rh2 Rf5
76.Ka6 Re5 77.Kb6 Rg5 78.Rc2 Rg3 79.Kb5 Rc3 80.Rd2 Rc8 81.Kb6 Rc1 82.Rd4 Kxa2
83.Rxb4  1/2-1/2

[Event "5th Amplico AIG Life"]
[Site "Warsaw POL"]
[Date "2005.12.17"]
[Round "5"]
[White "Leks,H"]
[Black "Pakleza,Z"]
[Result "0-1"]
[WhiteElo "2209"]
[BlackElo "2419"]

1.e4 d6 2.d4 Nf6 3.Nc3 c6 4.f4 Qb6 5.Be2 e5 6.fxe5 dxe5 7.Nf3 exd4 8.Qxd4 Bc5
9.Qe5+ Be6 10.Ng5 Nbd7 11.Qf4 O-O-O 12.Bd2 Bd4 13.Nxe6 fxe6 14.O-O-O Ne5
15.Na4 Qc7 16.c3 Bb6 17.Nxb6+ axb6 18.Be3 b5 19.Kb1 Nc4 20.b3 Nxe3 21.Qxe3 Rxd1+
22.Bxd1 Qe5 23.Bc2 Nd5 24.Qg3 Nxc3+ 25.Kc1 Ne2+  0-1

[Event "Czech Chess Christmas"]
[Site "Litomysl CZE"]
[Date "2005.12.26"]
[Round "1"]
[White "Gheorghe,C"]
[Black "Horyna,J"]
[Result "1-0"]
[WhiteElo "2274"]
[BlackElo "1926"]

1.e4 d6 2.d4 Nf6 3.Nc3 e5 4.dxe5 dxe5 5.Qxd8+ Kxd8 6.Bc4 Bb4 7.f3 Rf8 8.Ne2 c6
9.Be3 Nbd7 10.Kf2 Kc7 11.Nc1 b5 12.Bb3 Bc5 13.Nd3 Bxe3+ 14.Kxe3 a5 15.a3 Ba6
16.Rhc1 g5 17.Ne2 Kb6 18.c4 bxc4 19.Bxc4 Bxc4 20.Rxc4 Rfe8 21.Rac1 Re6 22.Nc3 Rb8
23.Na4+ Kb5 24.b3 Ne8 25.Nac5 Nxc5 26.Rxc5+ Ka6 27.Rxc6+ Rxc6 28.Rxc6+ Ka7
29.Nc5  1-0

[Event "8th Open ch-Bajmok"]
[Site "Bajmok SCG"]
[Date "2005.12.27"]
[Round "3"]
[White "Maravic,Z"]
[Black "Tancik,K"]
[Result "1/2-1/2"]
[WhiteElo "2099"]
[BlackElo "2120"]

1.e4 d6 2.d4 Nf6 3.Nc3 Nbd7 4.Be3 e5 5.h3 Be7 6.Bc4 c6 7.Bb3 O-O 8.Nge2 b5
9.a3 a5 10.dxe5 dxe5 11.Ng3 Nc5 12.Bxc5 Bxc5 13.Qf3 Qe7 14.O-O g6 15.Rad1 Be6
16.Bxe6 Qxe6 17.Rd3 Rfd8 18.Rfd1 Qe7 19.Kf1 Bb6 20.R1d2 Rxd3 21.Rxd3 Rd8
22.Qd1 Rxd3 23.Qxd3 Qc5 24.Nd1 Qd4 25.Ke2 Kf8 26.c3 Qxd3+ 27.Kxd3 Ke7 28.c4 b4
29.axb4 axb4 30.Ne2 Nd7 31.f3 Nc5+ 32.Kd2 Ne6 33.Ne3 Nd4 34.Nxd4 Bxd4 35.b3 h5
36.g4 Kf6 37.Ng2 hxg4 38.hxg4 Kg5 39.Ke2 f5 40.gxf5 gxf5  1/2-1/2

[Event "Czech Chess Christmas"]
[Site "Litomysl CZE"]
[Date "2005.12.27"]
[Round "2"]
[White "Bujnoch,R"]
[Black "Neuman,P"]
[Result "1/2-1/2"]
[WhiteElo "2196"]
[BlackElo "2414"]

1.e4 d6 2.d4 Nf6 3.Nc3 e5 4.Nf3 Nbd7 5.Bc4 Be7 6.O-O O-O 7.Re1 c6 8.a4 b6
9.d5 cxd5 10.Nxd5 Bb7 11.b3 Rc8 12.Re2 Rc5 13.Ba3 Bxd5 14.Bxd5 Nxd5 15.exd5 Rc8
16.Nd2 f5 17.Nc4 Nc5 18.Bxc5 Rxc5 19.Nb2 e4 20.f3 Bf6 21.c4 Rc7 22.Qd2 Re7
23.fxe4 fxe4 24.Rae1 Qc8 25.Nd1 Rfe8 26.Ne3 Bg5 27.Qd4 Bf6 28.Qd2 Bg5 29.Qd4 Bf4  1/2-1/2

[Event "14th Donau Open"]
[Site "Aschach AUT"]
[Date "2005.12.28"]
[Round "4"]
[White "Sandhoefner,F"]
[Black "Sebenik,M"]
[Result "1/2-1/2"]
[WhiteElo "2285"]
[BlackElo "2407"]

1.e4 d6 2.d4 Nf6 3.Nc3 e5 4.Nf3 Nbd7 5.Bc4 Be7 6.O-O O-O 7.Qe2 exd4 8.Nxd4 Ne5
9.Bb3 c5 10.Nf5 Bxf5 11.exf5 Qd7 12.Nd5 Nxd5 13.Bxd5 Bf6 14.c3 Rae8 15.Qc2 Nc6
16.Rd1 Re7 17.Be3 Rfe8 18.h3 h6 19.Rd2 Bg5 20.Bxg5 Re1+ 21.Rxe1 Rxe1+ 22.Kh2 hxg5
23.f6 Qe8 24.fxg7 Qe5+ 25.g3 Kxg7 26.Bg2 Qf6 27.Re2 Rxe2 28.Qxe2 Qf5  1/2-1/2

[Event "Masters"]
[Site "Hastings ENG"]
[Date "2005.12.28"]
[Round "1"]
[White "Ziska,A"]
[Black "Muter,D"]
[Result "1/2-1/2"]
[WhiteElo "1819"]
[BlackElo "2085"]

1.e4 d6 2.d4 Nf6 3.Nc3 c6 4.Bd3 e5 5.Nge2 Be7 6.O-O O-O 7.h3 exd4 8.Nxd4 c5
9.Nf3 h6 10.Be3 Nc6 11.Qd2 Be6 12.b3 Qa5 13.a4 Rfd8 14.Rfd1 Nd7 15.Nd5 Bxd5
16.Qxa5 Nxa5 17.exd5 Bf6 18.Rab1 Bc3 19.Bd2 Bxd2 20.Nxd2 Ne5 21.Bf1 Rac8
22.c4 b6 23.Re1 Re8 24.f4 Ng6 25.g3 Rxe1 26.Rxe1 Kf8 27.Bd3 Ne7 28.Kf2 Ng8
29.Bc2 Nf6 30.Kf3 Re8 31.Rxe8+ Nxe8 32.g4 Ke7 33.h4 a6 34.g5 hxg5 35.hxg5 Nc7
36.Ke3 b5 37.axb5 axb5 38.Kd3 Na6 39.Bd1 Nb4+ 40.Kc3 Nb7 41.Bf3 bxc4 42.bxc4 f6
43.Bg4 fxg5 44.fxg5 Nd8 45.Ne4 Nf7 46.Be2 Ne5 47.Ng3 g6 48.Ne4 Na6 49.Bf1 Nc7
50.Kb3 Ne8 51.Ka4 Ng7 52.Kb5 Nf5 53.Kb6 Ne3 54.Be2 Kd7 55.Nf6+ Kd8 56.Ne4 Kd7
57.Nf6+ Ke7 58.Kb5 Nc2 59.Bf1 Nd4+ 60.Kb6 Ndf3 61.Ne4 Nf7 62.Nxc5 dxc5 63.Kxc5 N3e5
64.Kd4 Nf3+ 65.Kc5 Ne1 66.Kc6 Nxg5 67.Kc7 Ne4 68.c5 Nxc5 69.d6+ Kf6 70.Bh3 Ned3
71.d7 Nxd7 72.Kxd7 Nf4 73.Bf1 g5 74.Kd6 g4 75.Ba6 g3 76.Bb7 Kf5 77.Bf3 Ne2
78.Bh1 Kf4 79.Kd5 Kg4 80.Ke4 Kh3 81.Ke3 Nc3 82.Kd2 Nb5 83.Ke3 Nd6 84.Kf4 Nf7
85.Ke3 Nh8 86.Ke2  1/2-1/2

[Event "Masters"]
[Site "Hastings ENG"]
[Date "2005.12.29"]
[Round "2"]
[White "Pavlovic,Milo"]
[Black "Rudd,J"]
[Result "1-0"]
[WhiteElo "2507"]
[BlackElo "2281"]

1.e4 d6 2.d4 Nf6 3.Nc3 c6 4.f4 Qa5 5.e5 Ne4 6.Qf3 d5 7.Bd3 Na6 8.Ne2 Nb4
9.f5 Nxd3+ 10.cxd3 Nxc3 11.bxc3 Bd7 12.e6 fxe6 13.Qh5+ Kd8 14.fxe6 Be8 15.Qh3 h6
16.O-O Rg8 17.Bf4 g5 18.Bxg5 hxg5 19.Qh7 Rg6 20.Rxf8 Rxe6 21.Qg8 Kd7 22.Qxg5 Qa3
23.Nf4 Qxc3 24.Nxe6 Qxa1+ 25.Rf1 Qc3 26.Qe5 Bg6 27.Nc5+ Kd8 28.Re1 Be4 29.Rb1 Qc2
30.Qh8+ Kc7 31.Rxb7+ Kd6 32.Qe5+  1-0

[Event "Master Open"]
[Site "Zurich SUI"]
[Date "2005.12.29"]
[Round "6"]
[White "Bhend,E"]
[Black "Milliet,S"]
[Result "1-0"]
[WhiteElo "2261"]
[BlackElo "2330"]

1.e4 d6 2.d4 Nf6 3.Nc3 Nbd7 4.f4 e5 5.Nf3 exd4 6.Nxd4 g6 7.Bd3 Bg7 8.Be3 O-O
9.Qf3 Nc5 10.h3 Nxd3+ 11.cxd3 c5 12.Nde2 Bd7 13.O-O Bc6 14.Qf2 b6 15.Rad1 Qc7
16.f5 Qb7 17.Qh4 c4 18.dxc4 Rfe8 19.Bd4 Qe7 20.Ng3 h6 21.Qf4 g5 22.Qf2 Qb7
23.Rfe1 Re7 24.Re2 Rae8 25.Rde1 Bh8 26.Qe3 Nxe4 27.Ncxe4 Rxe4 28.Nxe4 Rxe4
29.Qxe4 Bxe4 30.Bxh8 Bc6 31.Re8+ Bxe8 32.Rxe8+ Kh7 33.Bf6  1-0

[Event "21st Post Open"]
[Site "Duesseldorf GER"]
[Date "2005.12.30"]
[Round "6"]
[White "Heidel,N"]
[Black "Eismont,I"]
[Result "1/2-1/2"]
[WhiteElo "2130"]
[BlackElo "2309"]

1.d4 d6 2.e4 Nf6 3.Nc3 e5 4.dxe5 dxe5 5.Qxd8+ Kxd8 6.Bc4 Be6 7.Bxe6 fxe6
8.Bg5 Nc6 9.O-O-O+ Kc8 10.Nge2 a6 11.Rhf1 Bd6 12.Bxf6 gxf6 13.f4 Kd7 14.f5 Rhg8
15.Ng3 Nd4 16.fxe6+ Kxe6 17.Nd5 Raf8 18.c3 Nc6 19.Rd2 Ne7 20.Nxe7 Bxe7 21.Kc2 Rg4
22.Re2 Rfg8 23.Rf5 Rh4 24.Rh5 Rxh5 25.Nxh5 Rg5 26.Ng3 Rg4 27.b4 b5 28.Rf2 c5
29.a3 c4 30.Rd2 Rf4 31.Kd1 Rg4 32.a4 h5 33.Re2 h4 34.Nf5 bxa4 35.Kc2 Rg8
36.Nxh4 Rb8 37.Nf5 Bf8 38.Ne3 Rc8 39.Nd5 a3 40.Rf2 Be7 41.Kb1 a5 42.bxa5 Rc5
43.a6 Ra5 44.Ka2 Bd8 45.g4 Kf7 46.g5 Rxa6 47.gxf6 Bb6 48.Rf5 Bc5 49.Rxe5 Ra7
50.Rg5 Bf8 51.e5 Rb7 52.Nb4 Ke6 53.Kxa3 Ra7+ 54.Kb2 Rh7 55.Rg2 Kxe5 56.Rf2 Ke6
57.Nc6 Rh5 58.Kc2 Kf7 59.Kd2 Bd6 60.Nd8+ Kf8 61.f7 Rh6 62.h4 Be7 63.Nb7 Rb6
64.Rf4  1/2-1/2

[Event "Masters"]
[Site "Hastings ENG"]
[Date "2005.12.31"]
[Round "4"]
[White "Scoriels,M"]
[Black "Gagunashvili,M"]
[Result "0-1"]
[WhiteElo "2156"]
[BlackElo "2542"]

1.e4 d6 2.d4 Nf6 3.Nc3 e5 4.dxe5 dxe5 5.Bg5 Qxd1+ 6.Rxd1 Bb4 7.Bd2 c6 8.Bc4 O-O
9.Nge2 Nbd7 10.O-O a5 11.Ng3 Nb6 12.Be2 Be6 13.b3 Rfd8 14.Be3 Nfd7 15.Nb1 f6
16.Nf5 Bc5 17.Bc1 Bf8 18.Be3 Nc5 19.f3 Bxf5 20.exf5 Nd5 21.Bf2 Nb4 22.c3 Nxa2
23.Rxd8 Rxd8 24.Bc4+ Kh8 25.b4 axb4  0-1

[Event "Czech Chess Christmas"]
[Site "Litomysl CZE"]
[Date "2006.01.01"]
[Round "9"]
[White "Reitinger,P"]
[Black "Horyna,J"]
[Result "1-0"]
[WhiteElo "2095"]
[BlackElo "1926"]

1.e4 d6 2.d4 Nf6 3.Nc3 e5 4.dxe5 dxe5 5.Qxd8+ Kxd8 6.Bc4 Bb4 7.Bg5 Bxc3+
8.bxc3 Be6 9.Bxe6 fxe6 10.O-O-O+ Kc8 11.f3 Nc6 12.Nh3 h6 13.Be3 Rd8 14.g4 g5
15.Nf2 Rxd1+ 16.Kxd1 Kd7 17.h4 Nh7 18.hxg5 Nxg5 19.Rxh6 Nxf3 20.Rh3 Rf8 21.Nd3  1-0

[Event "Masters"]
[Site "Hastings ENG"]
[Date "2006.01.02"]
[Round "6"]
[White "Ansell,S"]
[Black "Gagunashvili,M"]
[Result "0-1"]
[WhiteElo "2383"]
[BlackElo "2542"]

1.e4 d6 2.d4 Nf6 3.Nc3 e5 4.dxe5 dxe5 5.Qxd8+ Kxd8 6.Bc4 Ke8 7.Nf3 Bd6 8.Bg5 Nbd7
9.O-O-O a6 10.Bb3 b6 11.Rhe1 h6 12.Bxf6 Nxf6 13.Nh4 g6 14.f4 Bg4 15.Rd3 a5
16.fxe5 Bxe5 17.Nf3 Bf4+ 18.Kb1 Rd8 19.Rxd8+ Kxd8 20.e5 Bxf3 21.gxf3 Nd7
22.Bxf7 Nxe5 23.Rd1+ Kc8 24.Be6+ Kb8 25.h3 Nxf3 26.a4 h5 27.Rd7 Ne5 28.Rd4 Re8
29.Bf5 c6 30.Ka2 Rf8  0-1

[Event "Open"]
[Site "Verona ITA"]
[Date "2006.01.02"]
[Round "1"]
[White "Rombaldoni,Ax"]
[Black "Borgo,G"]
[Result "0-1"]
[WhiteElo "2107"]
[BlackElo "2408"]

1.e4 d6 2.d4 Nf6 3.Nc3 Nbd7 4.Bg5 e5 5.Nf3 Be7 6.dxe5 dxe5 7.Bc4 c6 8.a4 h6
9.Bh4 Nh5 10.Bg3 Nxg3 11.hxg3 Bb4 12.Nh4 Qf6 13.O-O O-O 14.Ne2 Nb6 15.Bd3 a5
16.Kh2 Be6 17.c3 Bc5 18.f4 Bg4 19.Nf3 Qg6 20.Neg1 Qh5+ 21.Nh3 exf4 22.gxf4 Be3
23.f5 Bf4+ 24.Kg1 Bxh3 25.gxh3 Qxh3 26.Qe2 Rad8 27.Rf2 Nd7 28.Rg2 Ne5 29.Nxe5 Be3+
30.Rf2 Qg3+ 31.Kf1 Bxf2  0-1

[Event "12th Open A"]
[Site "Bosnjaci CRO"]
[Date "2006.01.03"]
[Round "1"]
[White "Dabo Peranic,R"]
[Black "Biti,O"]
[Result "1/2-1/2"]
[WhiteElo "2262"]
[BlackElo "2359"]

1.e4 d6 2.d4 Nf6 3.Nc3 e5 4.dxe5 dxe5 5.Qxd8+ Kxd8 6.Bg5 Nd7 7.Bc4 Ke8 8.O-O-O c6
9.Nge2 Be7 10.Ng3 g6 11.f3 Nb6 12.Be2 Nfd7 13.Bh6 Bf8 14.Be3 h5 15.Kb1 Nc5
16.Rhe1 Ne6 17.Bf1 h4 18.Nh1 Bc5 19.Bd2 h3 20.g3 a5 21.a3 a4 22.Na2 Nd4 23.Be2 Be6
24.Nc1 Nc4 25.Bg5 Be7 26.Bxe7 Kxe7 27.Bxc4 Bxc4 28.Re3 Rad8 29.Nf2 Ne6 30.Rxd8 Rxd8
31.Ncd3 f6 32.Kc1 Nd4 33.f4 Bxd3 34.Nxd3 Kd6 35.Kd2 Rh8 36.Nf2 Ne6 37.Rd3+ Kc7
38.fxe5 fxe5 39.Rf3 Rd8+ 40.Ke3 Ng5 41.Rf6 Rd6 42.Rf8 Rd8 43.Rxd8 Kxd8 44.Nd3 Nf7
45.Kf3 Ke7 46.Kg4 Kf6 47.Nc5 b5 48.b3 Nd6 49.bxa4 bxa4 50.Nxa4 Nc4 51.Kxh3 Nxa3
52.c3 Nb1 53.Kg4 Nd2 54.Nc5 Nb1 55.Na4 Nd2 56.Nc5 Nb1  1/2-1/2

[Event "Open"]
[Site "Verona ITA"]
[Date "2006.01.03"]
[Round "2"]
[White "Opacic,A"]
[Black "Luciani,V"]
[Result "1-0"]
[WhiteElo "2122"]
[BlackElo "2254"]

1.e4 d6 2.d4 Nf6 3.Nc3 c6 4.a4 Qa5 5.Bd2 e5 6.Nf3 Bg4 7.dxe5 dxe5 8.Bc4 Nbd7
9.Qe2 Bb4 10.h3 Bh5 11.g4 Bg6 12.Bd3 O-O-O 13.Na2 Bxd2+ 14.Nxd2 Nc5 15.O-O Nxd3
16.cxd3 Qb6 17.Rfc1 Qd4 18.Rc3 Nd7 19.b4 Kb8 20.Nb3 Qd6 21.Rac1 f6 22.Qb2 h5
23.b5 cxb5 24.Na5 Rc8 25.Qxb5 Nb6 26.Nxb7 Kxb7 27.a5 Qd7 28.Qb2 hxg4 29.axb6 axb6
30.Rb1 Qd4 31.Rb3 Qxb2 32.R3xb2 Rc6 33.Nb4 Rd6 34.Nd5 gxh3 35.Kh2 Bf7 36.Nxb6 Rhd8
37.Nd5+ Kc6 38.Nb4+ Kd7 39.Kxh3 Rb8 40.Kg3 Bh5 41.Nd5 Rxb2 42.Rxb2 Bf7 43.Rb7+ Ke8
44.Nb4 Kf8 45.f4 exf4+ 46.Kxf4 Be6 47.Ke3 Rd7 48.Rb6 Bf7 49.d4 Bc4 50.d5 Bf1
51.Kd4 Kf7 52.Nc6 Bg2 53.Rb2 Bh1 54.Rh2 Bf3 55.Rf2 Bh1 56.Ne5+ Ke7 57.Nxd7 Kxd7
58.Ke3 f5 59.Rxf5  1-0

[Event "Open"]
[Site "Verona ITA"]
[Date "2006.01.03"]
[Round "2"]
[White "Facchetti,G"]
[Black "Chierici,M"]
[Result "1-0"]
[WhiteElo "2123"]
[BlackElo "1960"]

1.e4 d6 2.d4 Nf6 3.Nc3 e5 4.h3 Be7 5.Nf3 Nbd7 6.Bc4 c6 7.O-O b5 8.Bd3 O-O
9.Ne2 a6 10.Ng3 g6 11.c4 Bb7 12.Bh6 Re8 13.cxb5 cxb5 14.d5 b4 15.Rc1 Nc5
16.Bb1 Rc8 17.b3 a5 18.Re1 Nfd7 19.Qd2 Na6 20.Bd3 Rxc1 21.Rxc1 Nac5 22.Bc4 Qc8
23.Qe2 Qc7 24.Nd2 Bf8 25.Be3 Rc8 26.Ndf1 Qb8 27.Nd2 Rc7 28.Ngf1 Qc8 29.f3 Be7
30.Bh6 Qd8 31.Be3 Qc8 32.Rb1 Qb8 33.Bf2 Qd8 34.Ne3 Bg5 35.Bb5 Be7 36.Nec4 Rc8
37.Rd1 Ba6 38.Bxa6 Nxa6 39.Nxd6 Bxd6 40.Qxa6 Nb6 41.Nf1 Na8 42.Qe2 Nb6 43.Qb2 Kf8
44.Be3 Rc3 45.Qf2 Nd7 46.Rc1 Qc7 47.Re1 Nc5 48.Re2 a4 49.bxa4 Nxa4 50.Qh4 Kg8
51.Kh2 Be7 52.Bg5 Bxg5 53.Qxg5 Qd6 54.Qd2 Ra3 55.Ne3 Rc3 56.Nd1 Rc7 57.Re3 Re7
58.Qc2 Nc5 59.Nb2 Rc7 60.Qd2 Nb7 61.Rb3 f5 62.Qxb4 fxe4 63.fxe4 Nc5 64.Nd3 Qe7
65.Nxc5 Qxc5 66.Qxc5 Rxc5 67.Kg3 Ra5 68.a3 Kf7 69.Kf3 Ra4 70.Re3 Kf6 71.g3 h6
72.Rd3 Ke7 73.Rb3 h5 74.Re3 g5 75.g4 h4 76.Rd3 Kd6 77.Ke3 Rc4 78.Rb3 Rc1
79.Rb6+ Kd7 80.Re6 Rc3+ 81.Kf2 Rxh3 82.Rxe5 Rxa3 83.Rxg5 h3 84.Rh5 Kd6 85.Kg1 Rg3+
86.Kf2 Rxg4 87.Kf3 Rg1 88.Rxh3 Rf1+ 89.Ke3 Ke5 90.Rh5+ Kd6 91.Rh6+ Kd7 92.Kd4 Rf7
93.Ra6 Rf4 94.Ke5 Rh4 95.Ra7+ Kc8 96.d6 Rh5+ 97.Ke6 Rh6+ 98.Kd5 Rh1 99.e5 Rh2
100.Ra5 Rh1 101.Ra8+ Kb7 102.Rf8 Rc1 103.Ke6  1-0

[Event "Open"]
[Site "Verona ITA"]
[Date "2006.01.03"]
[Round "3"]
[White "Brunello,S"]
[Black "Borgo,G"]
[Result "1-0"]
[WhiteElo "2334"]
[BlackElo "2408"]

1.e4 d6 2.d4 Nf6 3.Nc3 e5 4.Nf3 Nbd7 5.Bc4 Be7 6.O-O O-O 7.Re1 c6 8.a4 a5
9.h3 exd4 10.Nxd4 Nc5 11.b3 Be6 12.Bf1 Qb6 13.Bb2 Rad8 14.Qf3 d5 15.exd5 Nxd5
16.Nf5 Bxf5 17.Nxd5 Rxd5 18.Rxe7 Be6 19.Qg3 g6 20.Qh4 Nd7 21.Rxd7  1-0

[Event "8th Hilton Schachfestival"]
[Site "Basel SUI"]
[Date "2006.01.04"]
[Round "4"]
[White "Kurmann,O"]
[Black "Pikula,D"]
[Result "0-1"]
[WhiteElo "2296"]
[BlackElo "2530"]

1.e4 d6 2.d4 Nf6 3.Nc3 e5 4.Nge2 c6 5.f3 h5 6.dxe5 dxe5 7.Qxd8+ Kxd8 8.Be3 Be6
9.Kf2 Nbd7 10.a4 a5 11.Nc1 Bc5 12.Nd3 Bxe3+ 13.Kxe3 h4 14.b3 Kc7 15.Nb2 Nb6
16.Rd1 g5 17.Nd3 Nfd7 18.Nf2 Nc5 19.Nd3 Nxd3 20.Bxd3 Nd7 21.Nb1 Rad8 22.Na3 Nb6
23.Be2 f5 24.Rxd8 f4+ 25.Kd3 Rxd8+ 26.Kc3 Nc8 27.h3 Nd6 28.Kb2 Rb8 29.c4 b6
30.Kc3 Nb7 31.Rd1 Nc5 32.Nc2 Bf7 33.Na3 Bh5 34.Rd2 g4 35.hxg4 Bxg4 36.Nc2 Bh5
37.Ne1 Rg8 38.Bd3 h3 39.gxh3 Rg1 40.Re2 Ne6  0-1

[Event "12th Open A"]
[Site "Bosnjaci CRO"]
[Date "2006.01.04"]
[Round "3"]
[White "Brkic,A"]
[Black "Jovanovic,Zo CRO"]
[Result "1/2-1/2"]
[WhiteElo "2500"]
[BlackElo "2520"]

1.e4 d6 2.d4 Nf6 3.Nc3 e5 4.Nf3 exd4 5.Nxd4 Be7 6.g3 Nc6 7.Nde2 d5 8.exd5 Nb4
9.Bg2 Bf5 10.O-O Nxc2 11.Nd4 Nxd4 12.Qxd4 O-O 13.Bf4 Bd6 14.Rac1 a6 15.Na4 Nd7
16.Rfd1 b5 17.Nc3 Re8 18.Bxd6 cxd6 19.Qf4 Qf6  1/2-1/2

[Event "12th Open A"]
[Site "Bosnjaci CRO"]
[Date "2006.01.04"]
[Round "3"]
[White "Iveljic,I"]
[Black "Biti,O"]
[Result "1/2-1/2"]
[WhiteElo "2221"]
[BlackElo "2359"]

1.e4 d6 2.d4 Nf6 3.Nc3 e5 4.Nf3 Nbd7 5.Bc4 Be7 6.O-O O-O 7.Qe2 exd4 8.Nxd4 Nb6
9.Bb3 Nfd7 10.a4 a5 11.Be3 Nc5 12.Rfd1 Bf6 13.Ndb5 Qe7 14.f3 Re8 15.Qf2 Be5  1/2-1/2

[Event "Open"]
[Site "Verona ITA"]
[Date "2006.01.04"]
[Round "4"]
[White "Gallo,E"]
[Black "Chierici,M"]
[Result "1-0"]
[WhiteElo "2113"]
[BlackElo "1960"]

1.e4 d6 2.d4 Nf6 3.Nc3 e5 4.Nf3 Nbd7 5.Bc4 Be7 6.O-O O-O 7.h3 c6 8.Bb3 Qc7
9.a4 h6 10.Be3 Re8 11.Qd2 Bf8 12.Rae1 a6 13.Qd3 Rb8 14.Nh4 b5 15.axb5 axb5
16.Bxh6 exd4 17.Qg3 Nc5 18.Ng6 gxh6 19.e5 d5 20.Nf4+ Kh7 21.exf6 Rxe1 22.Rxe1 dxc3
23.Re7 Ne4 24.Qg6+ Kh8 25.Qxf7 Bf5 26.Rxc7 cxb2 27.Ba2 Ng5 28.Ng6+ Bxg6 29.Qxg6 Ra8
30.Bb1 Ra1 31.c3 Ra4 32.Rh7+  1-0

[Event "10th Open"]
[Site "Bad Zwesten GER"]
[Date "2006.01.05"]
[Round "5"]
[White "Zunker,R"]
[Black "Mensch,E"]
[Result "0-1"]
[WhiteElo "2188"]
[BlackElo "2336"]

1.e4 d6 2.d4 Nf6 3.Nc3 Nbd7 4.Nf3 e5 5.Bc4 Be7 6.O-O O-O 7.a4 c6 8.Qe2 b6
9.Rd1 Qc7 10.Ba2 a6 11.h3 Rb8 12.d5 c5 13.Bc4 Ra8 14.g4 Qd8 15.Nh2 h6 16.Nf1 Ne8
17.Ng3 Bg5 18.Kg2 g6 19.Rh1 Bxc1 20.Raxc1 Qh4 21.f3 Nc7 22.Nd1 Rb8 23.Nc3 Kh7
24.Ra1 Nf6 25.Nf1 Rg8 26.b3 Nh5 27.Kg1 Nf4 28.Qh2 b5 29.axb5 axb5 30.Bd3 Bd7
31.Qg3 Qf6 32.Ne3 Ra8 33.Kf2 Rgb8 34.h4 Na6 35.Bf1 Nb4 36.Rc1 Na2 37.Nxa2 Rxa2
38.Ke1 Qd8 39.Kd1 Rba8 40.Ng2 Ra1 41.Nxf4 Rxc1+ 42.Kxc1 Ra1+ 43.Kd2 Qa5+
44.Ke3 exf4+  0-1

[Event "XXXV Rilton Cup"]
[Site "Stockholm SWE"]
[Date "2006.01.05"]
[Round "9"]
[White "Nyland,T"]
[Black "Eriksson,Jor"]
[Result "1/2-1/2"]
[WhiteElo "2147"]
[BlackElo "2234"]

1.e4 d6 2.d4 Nf6 3.Nc3 e5 4.dxe5 dxe5 5.Qxd8+ Kxd8 6.Bc4 Be6 7.Bxe6 fxe6
8.Be3 Bd6 9.f3 Ke7 10.O-O-O a6 11.Nh3 Nc6 12.Nf2 h6 13.Na4 Nd7 14.Nd3 Na5
15.b3 Rhb8 16.Bd2 Nc6 17.Be3 Na5  1/2-1/2

[Event "Open"]
[Site "Verona ITA"]
[Date "2006.01.05"]
[Round "5"]
[White "Skembris,S"]
[Black "Lazic,Mi"]
[Result "1/2-1/2"]
[WhiteElo "2461"]
[BlackElo "2472"]

1.d4 d6 2.e4 Nf6 3.Nc3 e5 4.Nf3 Nbd7 5.Bc4 Be7 6.O-O O-O 7.Re1 c6 8.a4 Qc7
9.h3 b6 10.d5 Bb7 11.b3 cxd5 12.exd5 a6 13.Ba3 Rfe8 14.Nd2 Nf8 15.Nf1  1/2-1/2

[Event "8th Hilton Schachfestival"]
[Site "Basel SUI"]
[Date "2006.01.06"]
[Round "6"]
[White "Vajda,L"]
[Black "Pikula,D"]
[Result "1-0"]
[WhiteElo "2526"]
[BlackElo "2530"]

1.e4 d6 2.d4 Nf6 3.Nc3 e5 4.Nf3 Nbd7 5.Bc4 Be7 6.O-O O-O 7.Re1 c6 8.a4 b6
9.Bg5 a6 10.dxe5 Nxe5 11.Be2 h6 12.Be3 Bb7 13.Nd2 b5 14.f4 Ng6 15.g3 Re8
16.Bf3 Bf8 17.Bf2 Qc7 18.axb5 axb5 19.Rxa8 Bxa8 20.b4 Bb7 21.Nb3 Bc8 22.h4 Be7
23.Nd4 Bd7 24.Nf5 Bxf5 25.exf5 Nf8 26.Ne4 Nxe4 27.Rxe4 d5 28.Re2 Ra8 29.c3 Bf6
30.Qe1 Ra3 31.Bc5 Rxc3 32.Re8 Rxc5 33.bxc5 Bd4+ 34.Kg2 Bxc5 35.f6 gxf6 36.Bg4 Qd6
37.Qe2 d4 38.Bf5 Qd5+ 39.Be4 Qd7 40.Bd3 Kg7 41.Ra8 Be7 42.Kh2 Qe6 43.Qf3 Nd7
44.Ra6 Nb8 45.Ra7 Bc5 46.Ra8 Bd6 47.Qh5 f5 48.Ra7 Qg6 49.Qe2 Kf8 50.Qc2 Qf6
51.Kh3 Qe6 52.Bxf5 Qe1 53.Qg2 b4 54.Qf3 Qc1 55.Be4 Qc4 56.Qh5 Qe6+ 57.Bf5 Qf6
58.Bd3 Qe6+ 59.f5 Qd5 60.Be4  1-0

[Event "12th Open A"]
[Site "Bosnjaci CRO"]
[Date "2006.01.06"]
[Round "5"]
[White "Martic,Z"]
[Black "Biti,O"]
[Result "1/2-1/2"]
[WhiteElo "2298"]
[BlackElo "2359"]

1.d4 d6 2.e4 Nf6 3.Nc3 e5 4.Nge2 Be7 5.f3 exd4 6.Nxd4 O-O 7.Bc4 c6 8.a4 d5
9.exd5 Bb4 10.O-O Bxc3 11.bxc3 Nxd5 12.Qd3 Qf6 13.Re1 Be6 14.Nxe6 fxe6 15.Qe4 Re8
16.Bd3 g6 17.Bd2 Nd7 18.Qd4 b6 19.a5 b5 20.Re2 Qxd4+ 21.cxd4 Rab8 22.Rae1 Kf7
23.Re4  1/2-1/2

[Event "Open"]
[Site "Verona ITA"]
[Date "2006.01.07"]
[Round "7"]
[White "Frigieri,F"]
[Black "Chierici,M"]
[Result "1-0"]
[WhiteElo "2060"]
[BlackElo "1960"]

1.e4 d6 2.d4 Nf6 3.Nc3 e5 4.Nf3 Nbd7 5.Bc4 Be7 6.O-O O-O 7.Re1 c6 8.a4 Qc7
9.Ba2 b6 10.h3 Bb7 11.dxe5 dxe5 12.Nh4 g6 13.Qf3 Nh5 14.Nf5 gxf5 15.Qxh5 f4
16.Kh2 Qd6 17.Rd1 Qc5 18.Rxd7 Rad8 19.Rxb7 Qxf2 20.Qf3 Qc5 21.b4 Qd6 22.b5 Kh8
23.Bb2 Rg8 24.Rd1 Qc5 25.Rxd8 Rxd8 26.Bxf7 Bh4 27.Qxf4 Be7 28.Rxe7  1-0

[Event "Keres Mem B"]
[Site "Tallin EST"]
[Date "2006.01.08"]
[Round "1"]
[White "Lauk,U"]
[Black "Savickas,A"]
[Result "0-1"]
[WhiteElo "2377"]
[BlackElo "2320"]

1.e4 d6 2.d4 Nf6 3.Nc3 c6 4.Be3 Nbd7 5.f4 Qa5 6.Bd3 e5 7.Nf3 Be7 8.Qd2 O-O
9.O-O-O b5 10.Kb1 Qc7 11.h3 b4 12.Ne2 Re8 13.Ng3 Bf8 14.Rhf1 Bb7 15.fxe5 dxe5
16.dxe5 Nxe5 17.Nxe5 Qxe5 18.Bf4 Qa5 19.Qf2 Bc8 20.Bc4 Be6 21.Bxe6 Rxe6 22.Bc1 Qc7
23.Bf4 Qb7 24.Qf3 Rae8 25.Rfe1 Nd7 26.Nf5 Ne5 27.Qb3 g6 28.Nh6+ Bxh6 29.Bxh6 Qe7
30.Qg3 Nc4 31.Qd3 Nb6 32.Qd4 f6 33.Bc1 f5 34.b3 c5 35.Qf2 fxe4 36.Be3 Re5
37.Bf4 Rf5 38.g4 Rd5 39.Bc1 Qf7 40.Qe3 Rxd1 41.Rxd1 Nd5 42.Rxd5 Qxd5 43.a4 Qd4
44.Qe2 e3 45.Bb2 Qe4 46.Ka2 c4 47.bxc4 Rd8 48.c5 Rd5  0-1

[Event "Keres Mem Women"]
[Site "Tallin EST"]
[Date "2006.01.10"]
[Round "4"]
[White "Batyte,D"]
[Black "Bashkite,V"]
[Result "0-1"]
[WhiteElo "2162"]
[BlackElo "2217"]

1.e4 d6 2.d4 Nf6 3.Nc3 c6 4.Be2 Qa5 5.Bd2 Qb6 6.e5 Nd5 7.Nf3 Nxc3 8.Bxc3 d5
9.Ng5 h6 10.Nf3 Bg4 11.h3 Bxf3 12.Bxf3 e6 13.a3 c5 14.O-O Nc6 15.dxc5 Bxc5
16.b4 Bd4 17.Bxd4 Qxd4 18.b5 Qxd1 19.Raxd1 Na5 20.Be2 Rc8 21.Bd3 Nc4 22.Rfe1 Ke7
23.Rb1 Rc7 24.a4 Rhc8 25.Rb3 g5 26.Kh2 b6 27.Re2 Na5 28.Rb4 Nc4 29.Rb3 Rf8
30.g3 f6 31.exf6+ Rxf6 32.Rb1 Kd6 33.Rb4 Ne5 34.a5 Rc3 35.axb6 axb6 36.Rb1 Nxd3
37.cxd3 Kc5 38.Kg2 Kd4 39.Rbe1 Rxd3 40.Rxe6 Rdf3 41.Rxf6 Rxf6 42.Rc1 Ke5
43.Re1+ Kd6 44.Rc1 Kd7 45.Rc3 Rd6 46.Kf3 Ke6 47.Re3+ Kf6 48.Rd3 Ke5 49.Rc3 d4
50.Rc8 d3 51.Rc1 Kd4 52.Rc6 Rd5 53.Rxb6 d2 54.Ke2 Kc5  0-1